[Event "San Sebastian op 33rd"]
[Site "San Sebastian"]
[Date "2010.04.04"]
[Round "9"]
[White "D'Amade, Philippe"]
[Black "Fehr, Jukka"]
[Result "1-0"]
[WhiteElo "1810"]
[BlackElo "2024"]
[PlyCount "99"]
[EventDate "2010.03.28"]
[EventType "swiss"]
[EventRounds "9"]
[EventCountry "ESP"]
[SourceTitle "CBM 135 Extra"]
[Source "ChessBase"]
[SourceDate "2010.05.04"]
[SourceVersion "1"]
[SourceVersionDate "2010.05.04"]
[SourceQuality "1"]

1. e4 e6 2. d4 d5 3. e5 c5 4. c3 Nc6 5. Nf3 Bd7 6. Be2 Nh6 7. Bxh6 gxh6 8. 0-0 Bg7 9. Qd2 f6 10. exf6 Qxf6 11. dxc5 0-0 12. Na3 a6 13. Nc2 Rad8 14. Ne3 Kh8 15. Rac1 Be8 16. b4 Ne7 17. Ng4 Qf5 18. Nd4 Qg6 19. f4 Rg8 20. Rf2 Nf5 21. Ne5 Bxe5 22. fxe5 Nh4 23. Bd3 Qh5 24. Qf4 Qg5 25. Qxg5 hxg5 26. Nxe6 Rd7 27. Nd4 Re7 28. e6 Ng6 29. g3 Ne5 30. Bf5 Bg6 31. Rcf1 Kg7 32. h3 Nc4 33. Re1 h5 34. g4 hxg4 35. hxg4 Rh8 36. a4 Rh3 37. b5 Re8 38. Rh2 Rg3+ 39. Rg2 Rxc3 40. c6 bxc6 41. bxc6 Ne3 42. Rg3 Rc4 43. Rgxe3 Rxd4 44. Rc1 Kf6 45. c7 Bxf5 46. gxf5 Rc8 47. e7 Re4 48. e8Q Rcxe8 49. Rxe4 dxe4 50. c8Q 1-0